Представление документа в формате MARC21

ПолеНазваниеЗначение
  Тип записи a
  Библиографический уровень m
001 Контрольный номер RU\infra-m\znanium\bibl\2234002
005 Дата корректировки 20260429142108.5
008 Кодируемые данные 260126s2025 RU g rus u
040 Источник каталогиз. __
a Служба первич. каталог. Общество с ограниченной ответственностью «ЗНАНИУМ»
041 Код языка издания __
a Код языка текста rus
044 Код страны публикации __
a Код страны публикации RU
080 Индекс УДК __
a Индекс УДК 009
080 Индекс УДК __
a Индекс УДК 316
080 Индекс УДК __
a Индекс УДК 61
080 Индекс УДК __
a Индекс УДК 62
084 Индекс другой классификации/Индекс ББК __
2 Источник индекса rubbk
a Индекс другой классификации/Индекс ББК 3
084 Индекс другой классификации/Индекс ББК __
2 Источник индекса rubbk
a Индекс другой классификации/Индекс ББК 5
084 Индекс другой классификации/Индекс ББК __
2 Источник индекса rubbk
a Индекс другой классификации/Индекс ББК 6
084 Индекс другой классификации/Индекс ББК __
2 Источник индекса rubbk
a Индекс другой классификации/Индекс ББК 7
084 Индекс другой классификации/Индекс ББК __
2 Источник индекса rubbk
a Индекс другой классификации/Индекс ББК 8
084 Индекс другой классификации/Индекс ББК __
2 Источник индекса okso
a Индекс другой классификации/Индекс ББК 27.00.00
084 Индекс другой классификации/Индекс ББК __
2 Источник индекса okso
a Индекс другой классификации/Индекс ББК 30.00.00
084 Индекс другой классификации/Индекс ББК __
2 Источник индекса okso
a Индекс другой классификации/Индекс ББК 31.00.00
084 Индекс другой классификации/Индекс ББК __
2 Источник индекса okso
a Индекс другой классификации/Индекс ББК 32.00.00
084 Индекс другой классификации/Индекс ББК __
2 Источник индекса okso
a Индекс другой классификации/Индекс ББК 37.00.00
084 Индекс другой классификации/Индекс ББК __
2 Источник индекса okso
a Индекс другой классификации/Индекс ББК 38.00.00
084 Индекс другой классификации/Индекс ББК __
2 Источник индекса okso
a Индекс другой классификации/Индекс ББК 39.00.00
084 Индекс другой классификации/Индекс ББК __
2 Источник индекса okso
a Индекс другой классификации/Индекс ББК 40.00.00
084 Индекс другой классификации/Индекс ББК __
2 Источник индекса okso
a Индекс другой классификации/Индекс ББК 41.00.00
084 Индекс другой классификации/Индекс ББК __
2 Источник индекса okso
a Индекс другой классификации/Индекс ББК 44.00.00
084 Индекс другой классификации/Индекс ББК __
2 Источник индекса okso
a Индекс другой классификации/Индекс ББК 45.00.00
084 Индекс другой классификации/Индекс ББК __
2 Источник индекса okso
a Индекс другой классификации/Индекс ББК 46.00.00
084 Индекс другой классификации/Индекс ББК __
2 Источник индекса okso
a Индекс другой классификации/Индекс ББК 47.00.00
084 Индекс другой классификации/Индекс ББК __
2 Источник индекса okso
a Индекс другой классификации/Индекс ББК 51.00.00
245 Заглавие __
a Заглавие Огарёв-online, 2025, том 13, № 3
b Продолж. заглавия Журнал; Журнал
250 Сведения об издании __
a Основные сведения об издании 1
260 Выходные данные __
a Место издания Саранск
b Издательство Федеральное государственное бюджетное образовательное учреждение высшего профессионального образования "Мордовский государственный университет им. Н.П. Огарева"
c Дата издания 2025
300 Физическое описание __
a Объем 122 с.
521 Примеч. о цел. назн. __
a Примеч. о целев. назн. ВО - Магистратура
650 Тематические рубрики __
a Основная рубрика Бизнес. Предпринимательство. Сервис
650 Тематические рубрики __
a Основная рубрика Демография. Статистика
650 Тематические рубрики __
a Основная рубрика Информатика. Вычислительная техника
650 Тематические рубрики __
a Основная рубрика История. Исторические науки
650 Тематические рубрики __
a Основная рубрика Медицина. Фармакология
650 Тематические рубрики __
a Основная рубрика Науковедение. Общенаучное знание и теории
650 Тематические рубрики __
a Основная рубрика Общетехнические дисциплины
650 Тематические рубрики __
a Основная рубрика Педагогика. Образование
650 Тематические рубрики __
a Основная рубрика Психология
650 Тематические рубрики __
a Основная рубрика Политика. Социология
650 Тематические рубрики __
a Основная рубрика Политика. Социология
x Основная подрубрика Обществознание
650 Тематические рубрики __
a Основная рубрика Право. Юридические науки
650 Тематические рубрики __
a Основная рубрика Промышленность. Энергетика
650 Тематические рубрики __
a Основная рубрика Реклама. Маркетинг. PR
650 Тематические рубрики __
a Основная рубрика Управление (менеджмент)
650 Тематические рубрики __
a Основная рубрика Филологические науки
650 Тематические рубрики __
a Основная рубрика Философия
650 Тематические рубрики __
a Основная рубрика Экономика. Бухгалтерский учет. Финансы
655 Указ. предметных рубрик (устаревшее) __
a Жанр/ форма (устаревшее) Журнал
856 Электронный адрес документа 4_
a Имя сервера/домена znanium.ru
m Помощь ebs_support@infra-m.ru
n Местонахождение сервера НИЦ ИНФРА-М
u URL https://znanium.ru/catalog/document?id=472910
856 Электронный адрес документа 48
a Имя сервера/домена znanium.ru
d Путь /cover/2234
f Электронное имя 2234002.jpg
q Тип электронного формата image/jpeg
u URL https://znanium.ru/cover/2234/2234002.jpg
911 __
u 0030=https://znanium.ru/catalog/document?id=472910